| 000 | 00668cam a22002172 4500 | ||
|---|---|---|---|
| 001 | 0000020410 | ||
| 005 | 20151217161200.0 | ||
| 008 | 110916s xx 000 0 eng d | ||
| 020 | _a0199218998 : | ||
| 040 |
_aKABU _cKABU |
||
| 100 | 1 |
_aPenner, J. E. _@0000153320 |
|
| 245 | 1 | 4 |
_aThe Law student's dictionary / _cJ. E. Penner. |
| 250 | _a13th ed. | ||
| 260 |
_aOxford : _bO. U. P., _c2008. |
||
| 300 | _a317 p. | ||
| 650 | 0 |
_aLaw _zGreat Britain. _vDictionaries. _@0000153321 |
|
| 852 | 1 | _9p2598 KES | |
| 852 | 1 | _9p2160 KES | |
| 908 | _a110916 | ||
| 950 | _@1 | ||
| 999 |
_c15245 _d15245 |
||